Girls' Names as City Names: Map Quiz - Statistics

General Stats
  • This quiz has been taken 51 times
  • The average score is 9 of 25
Answers on the Map
Answers color-coded by a green-red scale on the quiz's map according to % correct below.
 
Answer Stats
Answer % Correct
Charlotte
81%
Madison
70%
Savannah
65%
Cheyenne
63%
Santa Barbara
63%
Virginia Beach
53%
Santa Ana
51%
Santa Maria
51%
Alexandria
49%
Santa Clara
47%
Elizabeth
44%
Aurora
37%
Santa Monica
37%
Santa Clarita
35%
Santa Rosa
35%
Port St. Lucie
28%
Enid
23%
Taylor
19%
Sandy
16%
Logan
14%
Tracy
9%
Yorba Linda
7%
Eden Prairie
5%
Lynn
5%
New Rochelle
2%
No matching quizzes found
Score Distribution
Percent of People with Each Score
Percentile by Number Answered
Your Score History
You have not taken this quiz